000 00293nam a2200121Ia 4500
008 220216s9999 xx 000 0 und d
100 _aJoseph M
245 0 _aRubberinu sasthreeya valaprayogam
260 _bRubber
_c2021
300 _a12-Jun
650 _aFertilizer application
942 _cJS
999 _c68251
_d68251